书目信息 |
| 题名: |
阅读圈在英语阅读教学中的应用
|
|
| 作者: | 陈则航, , 李翠 著 | |
| 分册: | ||
| 出版信息: | 北京 外语教学与研究出版社 2021.01 |
|
| 页数: | X, 68页 | |
| 开本: | 21cm | |
| 丛书名: | 中国英语阅读教育研究院教师发展系列 | |
| 单 册: | ||
| 中图分类: | G633.412 | |
| 科图分类: | ||
| 主题词: | 英语--ying yu--阅读教学--教学研究--中小学 | |
| 电子资源: | ||
| ISBN: | 978-7-5213-2363-4 | |
| 000 | 01188nam 2200277 450 | |
| 001 | 012000045411 | |
| 005 | 20211025120159.0 | |
| 010 | @a978-7-5213-2363-4@dCNY12.80 | |
| 100 | @a20210802d2021 em y0chiy50 ea | |
| 101 | 0 | @achi@aeng |
| 102 | @aCN@b110000 | |
| 105 | @aak a 000yy | |
| 106 | @ar | |
| 200 | 1 | @a阅读圈在英语阅读教学中的应用@Ayue du quan zai ying yu yue du jiao xue zhong de ying yong@f陈则航, 李翠著 |
| 210 | @a北京@c外语教学与研究出版社@d2021.01 | |
| 215 | @aX, 68页@c图@d21cm | |
| 225 | 2 | @a中国英语阅读教育研究院教师发展系列@Azhong guo ying yu yue du jiao yu yan jiu yuan jiao shi fa zhan xi lie@i外研社·英语分级阅读教学指南 |
| 320 | @a有书目 (第65-68页) | |
| 330 | @a本书系统地介绍了阅读圈的概念、发展、功能及实施, 说明了阅读圈可以在外语教学中发挥积极的作用。在此基础上, 该书提供了三个优秀教学设计案例, 并对案例做了具体分析和评价。 | |
| 410 | 0 | @12001 @a中国英语阅读教育研究院教师发展系列@i外研社·英语分级阅读教学指南 |
| 606 | 0 | @a英语@Aying yu@x阅读教学@x教学研究@x中小学 |
| 690 | @aG633.412@v5 | |
| 701 | 0 | @a陈则航,@Achen ze hang@f1972-@4著 |
| 701 | 0 | @a李翠@Ali cui@4著 |
| 801 | 0 | @aCN@c20210909 |
| 905 | @a河南城建学院图书馆@dG633.412@eC642 | |
| 阅读圈在英语阅读教学中的应用/陈则航, 李翠著.-北京:外语教学与研究出版社,2021.01 |
| X, 68页:图;21cm.-(中国英语阅读教育研究院教师发展系列.外研社·英语分级阅读教学指南) |
| ISBN 978-7-5213-2363-4:CNY12.80 |
| 本书系统地介绍了阅读圈的概念、发展、功能及实施, 说明了阅读圈可以在外语教学中发挥积极的作用。在此基础上, 该书提供了三个优秀教学设计案例, 并对案例做了具体分析和评价。 |
| ● |
| 相关链接 |
|
|
|
正题名:阅读圈在英语阅读教学中的应用
索取号:G633.412/C642
 
预约/预借
| 序号 | 登录号 | 条形码 | 馆藏地/架位号 | 状态 | 备注 |
| 1 | 1545350 | 215453505 | 社科库409/409社科库 7排3列2层/ [索取号:G633.412/C642] | 在馆 |